Ecojuegos: juegos y actividades para todos los que aman la vida
Uloženo v:
| Hlavní autor: | |
|---|---|
| Médium: | Kniha |
| Jazyk: | španělština |
| Vydáno: |
Buenos Aires
Bonum
2003
|
| Vydání: | 1a. ed |
| Edice: | Educación y Creatividad
|
| Témata: | |
| Tagy: |
Přidat tag
Žádné tagy, Buďte první, kdo vytvoří štítek k tomuto záznamu!
|
MARC
| LEADER | 00000nam a2200000 a 4500 | ||
|---|---|---|---|
| 001 | UCH1960 | ||
| 003 | CL-VaPUC | ||
| 008 | 090520e20030000AG |||||||||||||||||spa|d | ||
| 020 | |a 9505073488 | ||
| 082 | 0 | 4 | |a 790.1 |b VIL |2 21 |
| 100 | 0 | |a Vila, Leonor |e author |9 536582 | |
| 245 | 1 | 0 | |a Ecojuegos: juegos y actividades para todos los que aman la vida |
| 250 | |a 1a. ed | ||
| 300 | |a 134 p | ||
| 942 | |c BK | ||
| 945 | |d 20090520 00:00:00 |a rbrito | ||
| 260 | |a Buenos Aires |b Bonum |c 2003 | ||
| 650 | 7 | |a JUEGOS DIDACTICOS |2 CL-VaPUC |9 372975 | |
| 650 | 0 | |a Actividades recreativas |9 807627 | |
| 650 | 0 | |a Juegos educativos |9 307366 | |
| 650 | 0 | |a Ecología |9 258124 | |
| 583 | |a last modification |c 20090520 00:00:00 |k Rodrigo Vera | ||
| 490 | 0 | |a Educación y Creatividad | |
| 999 | |c 333831 |d 333829 | ||
| 952 | |0 0 |1 0 |4 0 |6 790_100000000000000_VIL_2003 |7 0 |8 A |9 422472 |a BIBEDU |b BIBEDU |d 2019-11-22 |i 4552083 |o 790.1 VIL 2003 |p 4552083 |r 2019-11-22 |w 2019-11-22 |y BK |k PAR | ||